[Event "POL-chT 2nd League"]
[Site "Jastrzebia Gora"]
[Date "2015.09.08"]
[Round "4.39"]
[White "Borawski, Jakub"]
[Black "Osipow, Nikolaj"]
[Result "1-0"]
[WhiteElo "2020"]
[BlackElo "2117"]
[PlyCount "111"]
[EventDate "2015.09.05"]
[EventType "team-swiss"]
[EventRounds "9"]
[EventCountry "POL"]
[SourceTitle "EXT 2017"]
[Source "ChessBase"]
[SourceDate "2016.10.25"]
[SourceVersion "1"]
[SourceVersionDate "2016.10.25"]
[SourceQuality "1"]
[WhiteTeam "Bialystok MUKS Stoczek 45"]
[BlackTeam "Czerwionka Leszczyny Skoczek"]
[WhiteTeamCountry "POL"]
[BlackTeamCountry "POL"]

1. e4 d5 2. exd5 Qxd5 3. Nc3 Qe5+ 4. Qe2 Qxe2+ 5. Bxe2 c6 6. Bc4 Nf6 7. Nge2 Nbd7 8. d4 Nb6 9. Bd3 Be6 10. Bf4 Bc4 11. 0-0-0 e6 12. Rhe1 0-0-0 13. a3 Bd6 14. Bxd6 Rxd6 15. b3 Bxd3 16. Rxd3 Rhd8 17. Rg3 g6 18. Rf3 Nbd7 19. Rd1 e5 20. dxe5 Nxe5 21. Rxd6 Rxd6 22. Rf4 Kd7 23. Ng3 Nd5 24. Nxd5 Rxd5 25. Ne4 Ke7 26. Nc3 Rc5 27. Kd2 f5 28. Rd4 Ng4 29. f4 Ne3 30. Kxe3 Rxc3+ 31. Kd2 Rc5 32. c4 b5 33. b4 Rxc4 34. Rxc4 bxc4 35. Kc3 Kd7 36. Kxc4 Kd6 37. Kd4 Ke6 38. h3 Kd6 39. h4 Ke6 40. Kc5 Kd7 41. h5 Kc7 42. h6 Kd7 43. g3 Kc7 44. b5 cxb5 45. Kxb5 Kb7 46. Kc5 Kc7 47. Kd5 Kd7 48. a4 Kc7 49. Kc5 Kd7 50. Kd5 Kc7 51. Ke6 Kc6 52. Kf7 Kd7 53. a5 Kd6 54. Kg7 Ke7 55. Kxh7 Kf7 56. a6 1-0

[Event "POL-chT 2nd League"]
[Site "Jastrzebia Gora"]
[Date "2015.09.06"]
[Round "2.57"]
[White "Miasik, Adrian"]
[Black "Osipow, Nikolaj"]
[Result "1/2-1/2"]
[WhiteElo "1754"]
[BlackElo "2117"]
[PlyCount "141"]
[EventDate "2015.09.05"]
[EventType "team-swiss"]
[EventRounds "9"]
[EventCountry "POL"]
[SourceTitle "EXT 2017"]
[Source "ChessBase"]
[SourceDate "2016.10.25"]
[SourceVersion "1"]
[SourceVersionDate "2016.10.25"]
[SourceQuality "1"]
[WhiteTeam "Rzeszow RzKSz"]
[BlackTeam "Czerwionka Leszczyny Skoczek"]
[WhiteTeamCountry "POL"]
[BlackTeamCountry "POL"]

1. d4 d5 2. Nf3 Nf6 3. c4 e6 4. Nc3 Be7 5. e3 0-0 6. Bd3 b6 7. 0-0 Bb7 8. a3 Nbd7 9. cxd5 Nxd5 10. e4 Nxc3 11. bxc3 c5 12. Re1 Rc8 13. Qe2 Qc7 14. Bd2 e5 15. d5 c4 16. Bc2 Bd6 17. Be3 b5 18. Reb1 Qa5 19. Bd2 Nc5 20. a4 bxa4 21. Bxa4 Qc7 22. Qxc4 Ba6 23. Bb5 Bxb5 24. Rxb5 f5 25. Ng5 Qe7 26. Qa2 fxe4 27. Qxa7 Rc7 28. Qb6 h6 29. Nh3 Nd3 30. Be3 Rxc3 31. Ra7 Rc7 32. Rxc7 Qxc7 33. Qxc7 Bxc7 34. f3 exf3 35. d6 Bd8 36. Nf2 Nxf2 37. Bxf2 fxg2 38. Rxe5 Bf6 39. Rd5 Kf7 40. Kxg2 Ke6 41. Rd3 Be5 42. Bg3 Bxg3 43. Rxg3 Rf7 44. Rg6+ Kf5 45. Rg3 Rd7 46. Kh3 g6 47. Rf3+ Ke5 48. Re3+ Kxd6 49. Kg4 Re7 50. Ra3 Re4+ 51. Kf3 Re6 52. Kf4 Ke7 53. h4 Kf6 54. Ra5 Rc6 55. Ra4 h5 56. Kg3 Rc3+ 57. Kg2 Rc5 58. Rf4+ Ke5 59. Ra4 Kf5 60. Kg3 Rc3+ 61. Kg2 Re3 62. Ra5+ Re5 63. Ra4 Re4 64. Ra5+ Kg4 65. Rg5+ Kxh4 66. Rxg6 Re2+ 67. Kf3 Ra2 68. Rg1 Ra3+ 69. Kf4 Ra4+ 70. Kf3 Ra3+ 71. Kf4 1/2-1/2

[Event "POL-chT 2nd League"]
[Site "Jastrzebia Gora"]
[Date "2015.09.05"]
[Round "1.45"]
[White "Osipow, Nikolaj"]
[Black "Cajbel, Maciej"]
[Result "0-1"]
[WhiteElo "2117"]
[BlackElo "2189"]
[PlyCount "99"]
[EventDate "2015.09.05"]
[EventType "team-swiss"]
[EventRounds "9"]
[EventCountry "POL"]
[SourceTitle "EXT 2017"]
[Source "ChessBase"]
[SourceDate "2016.10.25"]
[SourceVersion "1"]
[SourceVersionDate "2016.10.25"]
[SourceQuality "1"]
[WhiteTeam "Czerwionka Leszczyny Skoczek"]
[BlackTeam "Wroclaw AZS Politechnika"]
[WhiteTeamCountry "POL"]
[BlackTeamCountry "POL"]

1. c4 g6 2. Nc3 Bg7 3. g3 c5 4. Bg2 Nc6 5. d3 e5 6. a3 Nge7 7. Rb1 a5 8. e3 0-0 9. Nge2 d6 10. 0-0 Be6 11. h3 d5 12. cxd5 Nxd5 13. Ne4 b6 14. f4 h6 15. fxe5 Nxe5 16. d4 cxd4 17. Nxd4 Rc8 18. Nxe6 fxe6 19. Rxf8+ Qxf8 20. b4 axb4 21. axb4 Nc4 22. Qb3 Be5 23. b5 Kh7 24. Qd3 Qd8 25. Qf1 Qc7 26. Qf3 Kg7 27. h4 Rf8 28. Qe2 Rd8 29. Kh2 Nc3 30. Nxc3 Bxc3 31. Qc2 Be5 32. Rb4 Rc8 33. Qf2 Nd6 34. Bb2 Nf5 35. Qf4 Bxb2 36. Rxb2 Qc3 37. Ra2 Qxe3 38. Ra7+ Kf6 39. Qxe3 Nxe3 40. Bc6 Ng4+ 41. Kg2 Ne5 42. Ra8 Rxa8 43. Bxa8 Nc4 44. Kf3 Nd6 45. Bc6 Ke5 46. Ke3 Nf5+ 47. Kf2 g5 48. hxg5 hxg5 49. Be8 Nd4 50. Kg2 0-1

[Event "POL-chT 2nd League"]
[Site "Szczyrk"]
[Date "2014.09.12"]
[Round "7.5"]
[White "Stepien, Marcin"]
[Black "Osipow, Nikolaj"]
[Result "1-0"]
[WhiteElo "2150"]
[BlackElo "2143"]
[PlyCount "135"]
[EventDate "2014.09.06"]
[EventType "team-swiss"]
[EventRounds "9"]
[EventCountry "POL"]
[SourceTitle "EXT 2015"]
[Source "ChessBase"]
[SourceDate "2014.11.20"]
[SourceVersion "1"]
[SourceVersionDate "2014.11.20"]
[SourceQuality "1"]
[WhiteTeam "Wisznia Mala OKSiR"]
[BlackTeam "Czerwionka Leszczyny Skoczek"]
[WhiteTeamCountry "POL"]
[BlackTeamCountry "POL"]

1. e4 Nf6 2. e5 Nd5 3. d4 d6 4. Bc4 c6 5. Nf3 Bg4 6. 0-0 e6 7. h3 Bh5 8. Re1 dxe5 9. dxe5 Nb6 10. Bd3 N8d7 11. Nc3 Nc5 12. Be2 Qxd1 13. Rxd1 Bg6 14. Ne1 Ncd7 15. f4 Bc5+ 16. Kh2 f6 17. exf6 gxf6 18. Bd3 Nd5 19. Ne4 Be7 20. c4 N5b6 21. b3 0-0-0 22. Bb2 e5 23. fxe5 Nxe5 24. Bc2 Kc7 25. Ng5 Rxd1 26. Rxd1 Nbd7 27. Bxg6 hxg6 28. Nef3 Nxf3+ 29. Nxf3 Bd6+ 30. Kg1 Re8 31. Kf2 Nc5 32. Nd4 Ne4+ 33. Kf3 f5 34. h4 a6 35. Ne2 g5 36. hxg5 Nxg5+ 37. Kf2 Ne4+ 38. Kf3 Rg8 39. Bc1 Nc3 40. Rxd6 Nxe2 41. Ba3 Nc3 42. Rf6 Rg5 43. Bc1 Rh5 44. Bf4+ Kd8 45. Rf8+ Ke7 46. Rb8 b5 47. Ra8 Rh1 48. Bg5+ Kd7 49. Rxa6 bxc4 50. bxc4 Rf1+ 51. Ke3 Rg1 52. Ra7+ Kc8 53. Kf2 Ra1 54. Bf4 Rxa2+ 55. Rxa2 Nxa2 56. Bd2 c5 57. Ke3 Kd7 58. Kd3 Kd6 59. Kc2 Ke5 60. Kb3 Kd4 61. Kxa2 Kxc4 62. Kb2 Kd3 63. Bf4 Ke4 64. g3 Kd3 65. Kc1 Kc3 66. Kd1 Kd3 67. Ke1 c4 68. Kf2 1-0

[Event "POL-chT2"]
[Site "Poronin"]
[Date "2013.09.13"]
[Round "7"]
[White "Osipow, Nikolaj"]
[Black "Parol, Pawel"]
[Result "0-1"]
[WhiteElo "2169"]
[BlackElo "1980"]
[PlyCount "80"]
[EventDate "2013.09.06"]
[EventType "team-swiss"]
[EventRounds "9"]
[EventCountry "POL"]
[SourceTitle "EXT 2015"]
[Source "ChessBase"]
[SourceDate "2014.11.20"]
[SourceVersion "1"]
[SourceVersionDate "2014.11.20"]
[SourceQuality "1"]
[WhiteTeam "Czerwionka Leszczyny Skoczek"]
[BlackTeam "Minsk Mazowiecki MTSz"]
[WhiteTeamCountry "POL"]
[BlackTeamCountry "POL"]

1. d4 e6 2. Nf3 Nf6 3. Bf4 b6 4. Nbd2 Bb7 5. c3 Be7 6. h3 Ne4 7. Nxe4 Bxe4 8. e3 0-0 9. Be2 f5 10. Bh2 d6 11. 0-0 Nd7 12. Nd2 Bb7 13. Qb3 Rf6 14. Bc4 Nf8 15. d5 e5 16. Bxe5 dxe5 17. d6+ Kh8 18. dxe7 Qxe7 19. Rfd1 Rd6 20. Be2 Rg6 21. Bf3 e4 22. Bh5 Rh6 23. Qf7 Qg5 24. Be2 Ne6 25. Bc4 Rf8 26. Qd7 Rg6 27. g3 f4 28. Bxe6 fxg3 29. Bg4 gxf2+ 30. Kf1 Qxe3 31. Qe7 Qd3+ 32. Kg2 e3+ 33. Kh2 Qd6+ 34. Qxd6 cxd6 35. Nf1 h5 36. Be2 Bf3 37. Bd3 Rg2+ 38. Kh1 Rg1+ 39. Kh2 e2 40. Bxe2 Bxe2 0-1

[Event "POL-chT2"]
[Site "Poronin"]
[Date "2013.09.09"]
[Round "3"]
[White "Osipow, Nikolaj"]
[Black "Pazderski, Ziemowit"]
[Result "1/2-1/2"]
[WhiteElo "2169"]
[BlackElo "2244"]
[PlyCount "86"]
[EventDate "2013.09.06"]
[EventType "team-swiss"]
[EventRounds "9"]
[EventCountry "POL"]
[SourceTitle "EXT 2015"]
[Source "ChessBase"]
[SourceDate "2014.11.20"]
[SourceVersion "1"]
[SourceVersionDate "2014.11.20"]
[SourceQuality "1"]
[WhiteTeam "Czerwionka Leszczyny Skoczek"]
[BlackTeam "Zielonka Zieloni"]
[WhiteTeamCountry "POL"]
[BlackTeamCountry "POL"]

1. d4 d5 2. Nf3 Nf6 3. e3 c5 4. Be2 Nc6 5. 0-0 e6 6. b3 b6 7. Bb2 Be7 8. Nbd2 0-0 9. c4 Bb7 10. Rc1 cxd4 11. Nxd4 Nxd4 12. Bxd4 Ba3 13. Rc2 Qe7 14. Qa1 Rac8 15. Bf3 Rfd8 16. Nb1 Bd6 17. Bxf6 gxf6 18. Nd2 Ba6 19. Be2 Rc7 20. Rcc1 Bb4 21. Rcd1 Bd6 22. Qb1 f5 23. g3 Rdc8 24. Bd3 Bb7 25. cxd5 Bxd5 26. Nc4 Bf3 27. Nxd6 Qxd6 28. Be2 Qc6 29. Bxf3 Qxf3 30. Rd2 Rc3 31. Rfd1 Kg7 32. Rd4 Rc2 33. R4d2 R2c3 34. Rd4 R8c5 35. Rd8 Rc2 36. R8d2 Rxd2 37. Rxd2 Qc6 38. Qb2+ Kg6 39. Rd1 f6 40. Qd2 Rd5 41. Qe2 Rc5 42. Qd2 Rd5 43. Qe2 Rc5 1/2-1/2

[Event "POL-chT 2nd League"]
[Site "Lazy"]
[Date "2012.09.09"]
[Round "9"]
[White "Skawinski, Arkadiusz"]
[Black "Osipow, Nikolaj"]
[Result "0-1"]
[WhiteElo "2309"]
[BlackElo "2179"]
[PlyCount "96"]
[EventDate "2012.09.01"]
[EventType "team-swiss"]
[EventRounds "9"]
[EventCountry "POL"]
[SourceTitle "EXT 2019"]
[Source "ChessBase"]
[SourceDate "2018.10.10"]
[SourceVersion "1"]
[SourceVersionDate "2018.10.10"]
[SourceQuality "1"]
[WhiteTeam "Gostynin Gostmat 83"]
[BlackTeam "Czerwionka Gornik 23"]
[WhiteTeamCountry "POL"]
[BlackTeamCountry "POL"]

1. e4 d5 2. exd5 Qxd5 3. Nc3 Qe5+ 4. Nge2 c6 5. g3 Bf5 6. Bg2 e6 7. 0-0 Nf6 8. Re1 Nbd7 9. Rb1 Nd5 10. d3 0-0-0 11. Nxd5 exd5 12. Bf4 Qf6 13. Qd2 Re8 14. Qa5 Bd6 15. Bxd6 Qxd6 16. Nd4 Bg4 17. Qxa7 Qc5 18. Qa8+ Nb8 19. Qa4 Bd7 20. c3 Re7 21. b4 Rxe1+ 22. Rxe1 Qxc3 23. Nf3 Qxd3 24. b5 Qxb5 25. Qf4 Re8 26. Rxe8+ Bxe8 27. Bh3+ Bd7 28. Bxd7+ Nxd7 29. Qxf7 Qb1+ 30. Kg2 Qg6 31. Qe7 Qf6 32. Qe3 h6 33. h4 c5 34. g4 d4 35. Qe4 Kc7 36. g5 Qd6 37. Nd2 hxg5 38. hxg5 Qc6 39. Kf3 b5 40. Qxc6+ Kxc6 41. Ke4 Nb6 42. f4 Nc8 43. Ke5 Nd6 44. g6 d3 45. Nb1 Nc4+ 46. Ke6 d2 47. Nxd2 Nxd2 48. Kf7 Kd6 0-1

[Event "POL-chT 2nd League"]
[Site "Lazy"]
[Date "2012.09.07"]
[Round "7"]
[White "Pochcial, Jan"]
[Black "Osipow, Nikolaj"]
[Result "0-1"]
[WhiteElo "2094"]
[BlackElo "2179"]
[PlyCount "82"]
[EventDate "2012.09.01"]
[EventType "team-swiss"]
[EventRounds "9"]
[EventCountry "POL"]
[SourceTitle "EXT 2019"]
[Source "ChessBase"]
[SourceDate "2018.10.10"]
[SourceVersion "1"]
[SourceVersionDate "2018.10.10"]
[SourceQuality "1"]
[WhiteTeam "Dors"]
[BlackTeam "Czerwionka Gornik 23"]
[WhiteTeamCountry "POL"]
[BlackTeamCountry "POL"]

1. e4 Nf6 2. e5 Nd5 3. d4 d6 4. c4 Nb6 5. exd6 exd6 6. Nc3 Be7 7. h3 0-0 8. Nf3 Bf6 9. Be3 Re8 10. Rc1 Nc6 11. Be2 Bf5 12. 0-0 Bg6 13. Qd2 d5 14. b3 Be4 15. c5 Nc8 16. Rfd1 Bf5 17. Bd3 Bxd3 18. Qxd3 N8e7 19. Bg5 Bxg5 20. Nxg5 g6 21. Re1 Nf5 22. Rxe8+ Qxe8 23. Nxd5 Qd8 24. Ne4 Kg7 25. Ne3 Nfxd4 26. Rd1 Qe7 27. b4 Rd8 28. Kf1 Nxb4 29. Qc4 Nbc6 30. Nc3 Qe5 31. Ng4 Qe6 32. Qxe6 Nxe6 33. Rd5 Rxd5 34. Nxd5 Ncd4 35. c6 Nxc6 36. Ngf6 Nb4 37. Nxb4 Kxf6 38. Ke2 Nf4+ 39. Kf3 Ke5 40. g3 Nd5 41. Nc2 b5 0-1

[Event "POL-chT 2nd League"]
[Site "Lazy"]
[Date "2012.09.05"]
[Round "5"]
[White "Kolasinski, Krzysztof"]
[Black "Osipow, Nikolaj"]
[Result "1/2-1/2"]
[WhiteElo "1978"]
[BlackElo "2179"]
[PlyCount "43"]
[EventDate "2012.09.01"]
[EventType "team-swiss"]
[EventRounds "9"]
[EventCountry "POL"]
[SourceTitle "EXT 2019"]
[Source "ChessBase"]
[SourceDate "2018.10.10"]
[SourceVersion "1"]
[SourceVersionDate "2018.10.10"]
[SourceQuality "1"]
[WhiteTeam "Gant Hetman"]
[BlackTeam "Czerwionka Gornik 23"]
[WhiteTeamCountry "POL"]
[BlackTeamCountry "POL"]

1. Nf3 d5 2. c4 e6 3. g3 Nf6 4. Bg2 Be7 5. 0-0 0-0 6. b3 c5 7. Bb2 Nc6 8. cxd5 Nxd5 9. d4 cxd4 10. Nxd4 Bd7 11. Nc3 Nxc3 12. Bxc3 Rc8 13. Rc1 a6 14. Qd2 Nxd4 15. Bxd4 Ba3 16. Rxc8 Qxc8 17. Bxg7 Kxg7 18. Qg5+ Kh8 19. Qf6+ Kg8 20. Qg5+ Kh8 21. Qf6+ Kg8 22. Qg5+ 1/2-1/2

[Event "POL-chT 2nd League"]
[Site "Lazy"]
[Date "2012.09.03"]
[Round "3"]
[White "Osipow, Nikolaj"]
[Black "Perdek, Miroslaw"]
[Result "1-0"]
[WhiteElo "2179"]
[BlackElo "2236"]
[PlyCount "75"]
[EventDate "2012.09.01"]
[EventType "team-swiss"]
[EventRounds "9"]
[EventCountry "POL"]
[SourceTitle "EXT 2019"]
[Source "ChessBase"]
[SourceDate "2018.10.10"]
[SourceVersion "1"]
[SourceVersionDate "2018.10.10"]
[SourceQuality "1"]
[WhiteTeam "Czerwionka Gornik 23"]
[BlackTeam "Wroclaw KS Polonia"]
[WhiteTeamCountry "POL"]
[BlackTeamCountry "POL"]

1. d4 d5 2. Nf3 Nf6 3. e3 e6 4. Be2 c5 5. 0-0 Nc6 6. b3 Be7 7. Bb2 0-0 8. Nbd2 b6 9. c4 cxd4 10. Nxd4 Bb7 11. Nxc6 Bxc6 12. Bf3 Rc8 13. Rc1 Qd7 14. Qe2 Rfd8 15. Rfd1 Qb7 16. cxd5 Bxd5 17. e4 Bc6 18. Bxf6 gxf6 19. e5 Bxf3 20. Nxf3 f5 21. h3 Rxc1 22. Rxc1 Rd5 23. Qe3 Qd7 24. Rc4 b5 25. Rc3 Kh8 26. Kh2 Bb4 27. Qh6 Kg8 28. Re3 Bf8 29. Qg5+ Bg7 30. Rc3 Qb7 31. Qc1 Qb6 32. Rc6 Qa5 33. b4 Qxb4 34. Rc8+ Bf8 35. Qg5+ Kh8 36. Qh6 Kg8 37. g3 Qc5 38. Qg5+ 1-0

[Event "Pszczyna op"]
[Site "Pszczyna"]
[Date "2009.07.17"]
[Round "6"]
[White "Gromada, Andrzej"]
[Black "Osipow, Nikolaj"]
[Result "0-1"]
[WhiteElo "1957"]
[BlackElo "2179"]
[PlyCount "84"]
[EventDate "2009.07.14"]
[EventType "swiss"]
[EventRounds "9"]
[EventCountry "POL"]
[SourceTitle "CBM 131 Extra"]
[Source "ChessBase"]
[SourceDate "2009.09.03"]
[SourceVersion "2"]
[SourceVersionDate "2009.09.16"]
[SourceQuality "1"]

1. d4 g6 2. e4 Bg7 3. Nf3 d6 4. Be2 Nd7 5. 0-0 b6 6. c3 Bb7 7. Nbd2 e6 8. Re1 Ngf6 9. Bd3 0-0 10. a4 c5 11. Nc4 Bxe4 12. Bxe4 Nxe4 13. d5 exd5 14. Qxd5 Ndf6 15. Qb7 d5 16. Nce5 Nd6 17. Qa6 Re8 18. Bg5 Nde4 19. Rad1 Qc8 20. Qxc8 Raxc8 21. h4 h6 22. Bf4 Re6 23. g4 Rce8 24. Kg2 h5 25. g5 Ng4 26. Nxg4 hxg4 27. Nh2 Nxg5 28. Rf1 Nf3 29. Rxd5 Nxh4+ 30. Kg3 Nf5+ 31. Kxg4 Re4 32. Kf3 Rxa4 33. Ng4 Rae4 34. Bg5 R4e6 35. Rd7 f6 36. Bf4 Nh4+ 37. Kg3 g5 38. Bc1 Re1 39. Rxe1 Rxe1 40. Be3 Rg1+ 41. Kh3 Nf3 42. Rd6 f5 0-1

[Event "Pszczyna op"]
[Site "Pszczyna"]
[Date "2009.07.16"]
[Round "5"]
[White "Osipow, Nikolaj"]
[Black "Blasiak, Miroslaw"]
[Result "0-1"]
[WhiteElo "2179"]
[BlackElo "1965"]
[PlyCount "106"]
[EventDate "2009.07.14"]
[EventType "swiss"]
[EventRounds "9"]
[EventCountry "POL"]
[SourceTitle "CBM 131 Extra"]
[Source "ChessBase"]
[SourceDate "2009.09.03"]
[SourceVersion "2"]
[SourceVersionDate "2009.09.16"]
[SourceQuality "1"]

1. d4 d5 2. Nf3 Nf6 3. e3 e6 4. Be2 c5 5. b3 Nc6 6. Bb2 Bd6 7. 0-0 0-0 8. Ne5 Qc7 9. f4 cxd4 10. exd4 Ne4 11. Nd2 f5 12. c4 Bxe5 13. fxe5 Bd7 14. Rc1 Qa5 15. Nxe4 fxe4 16. Bc3 Qd8 17. Rxf8+ Qxf8 18. Bg4 Qe7 19. Qe2 Rf8 20. Rf1 Rxf1+ 21. Kxf1 a6 22. Qe3 Qf7+ 23. Ke1 Ne7 24. Bb4 Nf5 25. Qf2 dxc4 26. bxc4 e3 27. Qf4 Nxd4 28. Qxf7+ Kxf7 29. Bc5 Nc6 30. Bd6 Nd4 31. Bc5 Nf5 32. Bb6 Bc6 33. g3 Be4 34. Ke2 Ke7 35. Bxe3 Kd7 36. Bf2 g6 37. Kd2 Ne7 38. Bc5 Nc6 39. Bd6 Nd8 40. Ke3 Bg2 41. Kd4 b6 42. h4 Nc6+ 43. Kc3 Nd8 44. c5 bxc5 45. Bxc5 Bd5 46. a3 Kc6 47. Be2 Kxc5 48. Bxa6 Nc6 49. h5 Nxe5 50. Be2 g5 51. h6 Nf7 52. Bd3 Nxh6 53. Bxh7 Nf5 0-1

[Event "Chorzow op 45th"]
[Site "Chorzow"]
[Date "2009.04.04"]
[Round "8"]
[White "Mulet, Piotr"]
[Black "Osipow, Nikolaj"]
[Result "1-0"]
[WhiteElo "2303"]
[BlackElo "2251"]
[PlyCount "117"]
[EventDate "2009.03.28"]
[EventType "swiss"]
[EventRounds "9"]
[EventCountry "POL"]
[SourceTitle "CBM 129 Extra"]
[Source "ChessBase"]
[SourceDate "2009.05.05"]
[SourceVersion "2"]
[SourceVersionDate "2009.05.20"]
[SourceQuality "1"]

1. e4 e5 2. Nf3 Nc6 3. Nc3 Nf6 4. Bb5 Nd4 5. 0-0 c6 6. Ba4 Nxf3+ 7. Qxf3 d6 8. h3 Be7 9. Nd5 b5 10. Nxe7 Qxe7 11. Bb3 Be6 12. d4 0-0 13. dxe5 dxe5 14. Bg5 a5 15. Rfd1 a4 16. Bxe6 Qxe6 17. Bxf6 gxf6 18. Rd3 Rad8 19. Rad1 Rxd3 20. Rxd3 Re8 21. a3 Kh8 22. Kh2 Rg8 23. h4 Rg4 24. g3 Kg7 25. Rd8 h5 26. Qd3 Qe7 27. Rd7 Qc5 28. Kg2 f5 29. exf5 e4 30. Qd4+ Qxd4 31. Rxd4 c5 32. Rd5 b4 33. Rxc5 bxa3 34. bxa3 Kf6 35. Ra5 Rg8 36. Rxa4 Re8 37. Rc4 e3 38. fxe3 Rxe3 39. c3 Kxf5 40. a4 Ke6 41. Kf2 Rd3 42. a5 Rd2+ 43. Ke3 Ra2 44. Rc5 f5 45. Kf4 Ra4+ 46. Kg5 Rg4+ 47. Kxh5 Rxg3 48. a6 Rg8 49. a7 Kf6 50. Rc6+ Ke5 51. Ra6 Ra8 52. c4 f4 53. Kg4 Ke4 54. Re6+ Kd4 55. Re7 Rf8 56. Kf3 Kxc4 57. h5 Kd5 58. h6 Kd6 59. Rb7 1-0

[Event "POL-ch Teachers"]
[Site "Krakow"]
[Date "2008.05.25"]
[Round "8.3"]
[White "Osipow, Nikolaj"]
[Black "Lada, Ireneusz"]
[Result "0-1"]
[WhiteElo "2216"]
[BlackElo "2154"]
[PlyCount "79"]
[EventDate "2008.05.22"]
[EventType "swiss"]
[EventRounds "9"]
[EventCountry "POL"]
[SourceTitle "EXT 2023"]
[Source "ChessBase"]
[SourceDate "2022.10.05"]
[SourceVersion "1"]
[SourceVersionDate "2022.10.05"]
[SourceQuality "1"]

1. d4 d6 2. e4 Nf6 3. Nc3 g6 4. Bg5 Bg7 5. Qd2 c6 6. 0-0-0 b5 7. f3 b4 8. Nb1 Qb6 9. Bc4 Ba6 10. Bb3 Nbd7 11. Nh3 0-0 12. Nf4 e5 13. dxe5 dxe5 14. Nd3 c5 15. Ba4 Bb5 16. Bxb5 Qxb5 17. b3 a5 18. Nb2 Nb6 19. c4 Qc6 20. Qd6 Rac8 21. Rd3 Rfe8 22. Rhd1 h6 23. Be3 Qb7 24. R3d2 Rc6 25. Qd3 a4 26. bxa4 Ra8 27. Qb3 Nfd7 28. Rd3 Kh7 29. R1d2 Nf8 30. a3 bxa3 31. Nxa3 Ne6 32. Rd7 Qc8 33. R7d3 Nd4 34. Bxd4 cxd4 35. Rc2 Qe6 36. Nb5 Nd7 37. Qa2 Nc5 38. Ra3 Na6 39. Qb3 Bf8 40. c5 0-1

[Event "POL-ch Teachers"]
[Site "Krakow"]
[Date "2008.05.23"]
[Round "4.1"]
[White "Wlodarczyk, Oskar"]
[Black "Osipow, Nikolaj"]
[Result "1/2-1/2"]
[WhiteElo "2331"]
[BlackElo "2216"]
[PlyCount "65"]
[EventDate "2008.05.22"]
[EventType "swiss"]
[EventRounds "9"]
[EventCountry "POL"]
[SourceTitle "EXT 2023"]
[Source "ChessBase"]
[SourceDate "2022.10.05"]
[SourceVersion "1"]
[SourceVersionDate "2022.10.05"]
[SourceQuality "1"]

1. e4 Nf6 2. Nc3 e5 3. Nf3 Nc6 4. d4 exd4 5. Nxd4 Bb4 6. Nxc6 bxc6 7. Bd3 0-0 8. 0-0 d5 9. exd5 cxd5 10. Bg5 c6 11. Qf3 Be7 12. Na4 h6 13. Bf4 c5 14. c4 Bg4 15. Qg3 Qd7 16. Bc2 dxc4 17. Rfe1 Nh5 18. Qe3 Nxf4 19. Qxf4 Be6 20. Qe4 g6 21. Qe3 Bg5 22. Qxc5 Rac8 23. Qe5 Rce8 24. Rad1 Bd5 25. Qg3 Rxe1+ 26. Rxe1 Bc6 27. Rd1 Qe7 28. Qg4 Bb7 29. h4 Bxh4 30. Bxg6 fxg6 31. Qxg6+ Kh8 32. Qxh6+ Kg8 33. Qg6+ 1/2-1/2

[Event "Chorzow op"]
[Site "Chorzow"]
[Date "2008.04.02"]
[Round "7"]
[White "Osipow, Nikolaj"]
[Black "Wieczorek, Zbigniew"]
[Result "1/2-1/2"]
[WhiteElo "2216"]
[BlackElo "2319"]
[PlyCount "70"]
[EventDate "2008.03.29"]
[EventType "swiss"]
[EventRounds "9"]
[EventCountry "POL"]
[SourceTitle "EXT 2010"]
[Source "ChessBase"]
[SourceDate "2010.11.25"]
[SourceVersion "1"]
[SourceVersionDate "2010.11.25"]
[SourceQuality "1"]

1. e4 g6 2. d4 Bg7 3. Nc3 c6 4. f4 d5 5. e5 Nh6 6. Be2 f6 7. exf6 exf6 8. Nf3 Bg4 9. 0-0 Bxf3 10. Bxf3 0-0 11. Re1 f5 12. Be3 Nd7 13. Bf2 Nf6 14. Bh4 Qc7 15. Bxf6 Bxf6 16. Ne2 Rae8 17. Qd2 Nf7 18. c3 Nd6 19. b3 Ne4 20. Bxe4 Rxe4 21. g3 Rfe8 22. Kf2 c5 23. Rad1 b5 24. a3 a5 25. Kf1 Qe7 26. dxc5 Qxc5 27. Qxd5+ Qxd5 28. Rxd5 Bxc3 29. Rc1 Bb2 30. Rc2 Bxa3 31. Rxb5 Bb4 32. Rb7 Rd8 33. Kf2 Bf8 34. Rb5 Bb4 35. Rb7 Bf8 1/2-1/2

[Event "Zabrze Spring op"]
[Site "Zabrze"]
[Date "2007.05.26"]
[Round "6"]
[White "Osipow, Nikolaj"]
[Black "Niedzwiedz, Marek"]
[Result "1-0"]
[WhiteElo "2201"]
[BlackElo "2022"]
[PlyCount "79"]
[EventDate "2007.05.22"]
[EventType "swiss"]
[EventRounds "10"]
[EventCountry "POL"]
[SourceTitle "EXT 2011"]
[Source "ChessBase"]
[SourceDate "2010.11.26"]
[SourceVersion "1"]
[SourceVersionDate "2010.11.26"]
[SourceQuality "1"]

1. e4 d6 2. c4 Nf6 3. Nc3 g6 4. h3 Bg7 5. g3 Nc6 6. Bg2 0-0 7. Nge2 e5 8. d3 Nd7 9. 0-0 Nc5 10. Rb1 Ne6 11. b4 Ncd4 12. Kh2 c6 13. b5 Bd7 14. a4 Rb8 15. Nxd4 Nxd4 16. Ne2 Nxe2 17. Qxe2 h6 18. f4 f6 19. bxc6 bxc6 20. Rxb8 Qxb8 21. c5 Qb3 22. cxd6 Qxa4 23. Be3 Qa3 24. Qc2 Qxd6 25. Bc5 Qc7 26. Bxf8 Bxf8 27. Qc4+ Kg7 28. fxe5 Qxe5 29. d4 Qb8 30. e5 f5 31. e6 Be8 32. Bxc6 Bxc6 33. Qxc6 Qb2+ 34. Kh1 Qe2 35. Qc7+ Kf6 36. Qf7+ Kg5 37. h4+ Kh5 38. Rxf5+ Kg4 39. Rf2 Qe4+ 40. Kh2 1-0

[Event "Zabrze Spring op"]
[Site "Zabrze"]
[Date "2007.05.25"]
[Round "4"]
[White "Osipow, Nikolaj"]
[Black "Sroka, Janusz"]
[Result "1/2-1/2"]
[WhiteElo "2201"]
[BlackElo "2106"]
[PlyCount "59"]
[EventDate "2007.05.22"]
[EventType "swiss"]
[EventRounds "10"]
[EventCountry "POL"]
[SourceTitle "EXT 2011"]
[Source "ChessBase"]
[SourceDate "2010.11.26"]
[SourceVersion "1"]
[SourceVersionDate "2010.11.26"]
[SourceQuality "1"]

1. c4 e5 2. Nc3 Nc6 3. g3 Nf6 4. Bg2 Bc5 5. e3 a5 6. a3 0-0 7. Nge2 d6 8. d4 Bb6 9. 0-0 Bf5 10. h3 h5 11. Na4 Ba7 12. Kh2 Qd7 13. Nac3 Bb6 14. Nd5 Nxd5 15. cxd5 Ne7 16. dxe5 dxe5 17. e4 Bg6 18. f4 f6 19. Nc3 Bd4 20. f5 Bf7 21. Bf3 c6 22. dxc6 Qxc6 23. Bd2 Rfd8 24. Qe1 Rac8 25. g4 hxg4 26. hxg4 Qd7 27. g5 Bg1+ 28. Kxg1 Qxd2 29. Qxd2 Rxd2 30. gxf6 1/2-1/2

[Event "Zabrze Spring op"]
[Site "Zabrze"]
[Date "2007.05.23"]
[Round "2"]
[White "Osipow, Nikolaj"]
[Black "Galyga, Jozef"]
[Result "1/2-1/2"]
[WhiteElo "2201"]
[BlackElo "1967"]
[PlyCount "91"]
[EventDate "2007.05.22"]
[EventType "swiss"]
[EventRounds "10"]
[EventCountry "POL"]
[SourceTitle "EXT 2011"]
[Source "ChessBase"]
[SourceDate "2010.11.26"]
[SourceVersion "1"]
[SourceVersionDate "2010.11.26"]
[SourceQuality "1"]

1. e4 e6 2. d4 d5 3. exd5 exd5 4. Bd3 Nc6 5. c3 Bd6 6. Nf3 Bg4 7. 0-0 Qd7 8. Re1+ Nge7 9. b4 0-0-0 10. b5 Nb8 11. Nbd2 Ng6 12. Nf1 Nh4 13. Be2 Bxf3 14. Bxf3 Nxf3+ 15. Qxf3 Qxb5 16. Qxf7 Qd7 17. Qh5 Rdf8 18. Ne3 c6 19. c4 g6 20. Qe2 Qf7 21. Bb2 Nd7 22. a4 Nf6 23. Ba3 Bxa3 24. Rxa3 Re8 25. Rc1 dxc4 26. Qxc4 Qxc4 27. Rxc4 Re4 28. Rac3 Rd8 29. d5 Rxc4 30. Rxc4 Nxd5 31. Nxd5 Rxd5 32. g3 a6 33. Rh4 h5 34. Rf4 Kc7 35. Rf6 Rd6 36. Rf7+ Kb6 37. a5+ Kxa5 38. Rxb7 c5 39. Kf1 Rb6 40. Rd7 Kb4 41. Ke2 c4 42. Kd2 Kb3 43. Kc1 Re6 44. Kd1 a5 45. Rb7+ Kc3 46. Ra7 1/2-1/2